La premsa a Catalunya (Registre núm. 2184)
[ vista simple ]
| 000 -CABECERA | |
|---|---|
| Longitud fija campo de control | 00500nam a2200181 a 4500 |
| 001 - NÚMERO DE CONTROL | |
| Número de control | 2184 |
| 003 - IDENTIFICADOR DEL NÚMERO DE CONTROL | |
| Identificador del número de control | CDMR |
| 005 - FECHA Y HORA DE LA ÚLTIMA TRANSACCIÓN | |
| Fecha y hora de la última transacción | 20130320111202.0 |
| 008 - CÓDIGOS DE INFORMACIÓN DE LONGITUD FIJA | |
| Códigos de información de longitud fija | 130130s1988||||||||||||||||||||||||||||d |
| 020 ## - NÚMERO INTERNACIONAL NORMALIZADO PARA LIBROS | |
| Número Internacional Normalizado para Libros (ISBN) | 8450570514 |
| 040 ## - FUENTE DE LA CATALOGACIÓN | |
| Centro catalogador de origen | CDMR |
| Lengua de catalogación | cat |
| Centro transcriptor | CPC GIRONA |
| 100 1# - PUNTO DE ACCESO PRINCIPAL-NOMBRE DE PERSONA | |
| 9 (RLIN) | 417 |
| Nombre de persona | Guillamet, Jaume |
| 245 13 - MENCIÓN DE TÍTULO | |
| Título | La premsa a Catalunya |
| Mención de responsabilidad, etc. | Jaume Guillamet |
| 260 ## - PUBLICACIÓN, DISTRIBUCIÓN, ETC. (PIE DE IMPRENTA) | |
| Nombre del editor, distribuidor, etc. | Diputació de Barcelona |
| Lugar de publicación, distribución, etc. | Barcelona |
| 260 ## - PUBLICACIÓN, DISTRIBUCIÓN, ETC. (PIE DE IMPRENTA) | |
| Fecha de publicación, distribución, etc. | 1988 |
| Nombre del editor, distribuidor, etc. | Col·legi de Periodistes de Catalunya |
| 490 0# - MENCIÓN DE SERIE | |
| Mención de serie | Vaixells de Paper |
| Designación de volumen o secuencia | 1 |
| 942 ## - ENTRADA DE ELEMENTOS AGREGADOS (KOHA) | |
| Koha [por defecto] tipo de item | Monografies |
| Fuente de clasificaión o esquema | |
| Suprimido | Perdido | Estropeado | No para préstamo | Localización permanente | Localización actual | Fecha adquisición | Préstamos totales | Signatura completa | Código de barras | Fecha última consulta | Fecha del precio de reemplazo | Tipo de item de Koha | Fuente de adquisición | Note pública |
|---|---|---|---|---|---|---|---|---|---|---|---|---|---|---|
| CPC Girona | CPC Girona | 2010-12-03 | Bg 271 (2) | GIRONA13119485 | 2013-01-16 | 2013-01-16 | Monografies | |||||||
| CPC Girona | CPC Girona | 2010-12-03 | Bg 271 (3) | GIRONA13119486 | 2013-01-16 | 2013-01-16 | Monografies | |||||||
| CPC Girona | CPC Girona | 2010-12-03 | Bg 271 (4) | GIRONA13119487 | 2013-01-16 | 2013-01-16 | Monografies | |||||||
| CPC Girona | CPC Girona | 2010-12-03 | Bg 271 | GIRONA13119488 | 2013-01-16 | 2013-01-16 | Monografies | |||||||
| CPC Lleida | CPC Lleida | 2011-08-04 | 330COL | LLEIDA13119489 | 2013-01-16 | 2013-01-16 | Monografies | |||||||
| No per a préstec | CPC Tarragona | CPC Tarragona | 2013-07-22 | PPR | TARRAGONA13076835 | 2013-07-22 | 2013-07-22 | Monografies | ||||||
| No per a préstec | CPC Tarragona | CPC Tarragona | 2013-07-22 | PPR | TARRAGONA13076836 | 2013-07-22 | 2013-07-22 | Monografies | ||||||
| No per a préstec | CPC Terres de l'Ebre | CPC Terres de l'Ebre | 2015-05-21 | 07 GUI | 2015-05-27 | 2015-05-27 | Monografies | Donació | Donació a la biblioteca Marcel·lí Domingo | |||||
| No per a préstec | CPC Terres de l'Ebre | CPC Terres de l'Ebre | 2015-05-21 | FMVT 07 GUI | 2015-05-27 | 2015-05-27 | Monografies | Donació | Donació a la biblioteca Marcel·lí Domingo | |||||
| No per a préstec | CPC Terres de l'Ebre | CPC Terres de l'Ebre | 2015-05-21 | 07 GUI | 2015-05-27 | 2015-05-27 | Monografies | Donació | Donació a la biblioteca Marcel·lí Domingo | |||||
| Centre de Documentació Montserrat Roig | Centre de Documentació Montserrat Roig | 2013-01-16 | Bg VP/1 | CDMR13119484 | 2013-01-16 | 2013-01-16 | Monografies |